LEADER 01784nam 2200409 n 450 001 996390599403316 005 20221108074556.0 035 $a(CKB)4940000000102504 035 $a(EEBO)2240890180 035 $a(UnM)99842644e 035 $a(UnM)99842644 035 $a(EXLCZ)994940000000102504 100 $a19910516d1639 uy | 101 0 $aeng 135 $aurbn||||a|bb| 200 10$aSylua syluarum: or, A naturall historie$b[electronic resource] $eIn ten centuries. VVritten by the Right Honourable Francis Lo. Verulam Viscount St Alban. Published after the authors death, by William Ravvley Doctor in Divinity, one of his Majesties chaplaines. Hereunto is now added an alphabeticall table of the principall things contained in the whole worke 205 $aThe fifth edition. 210 $aLondon $cPrinted by Iohn Haviland, for William Lee, and are to be sold at the Great Turks Head next to the Mitre Taverne in Fleetstreet$d1639 215 $a[20], 218, [26], 43, [1] p. $cport 300 $aWith an additional title page, engraved, dated 1631 and signed "Tho: Cecill sculp:". 300 $aIncludes index. 300 $a"Nevv Atlantis" has divisional title on a1 and separate pagination. 300 $aReproduction of the original in Cambridge University Library. 330 $aeebo-0021 606 $aNatural history$xPre-Linnean works 615 0$aNatural history$xPre-Linnean works. 700 $aBacon$b Francis$f1561-1626.$0159133 701 $aRawley$b William$f1588?-1667.$01003869 702 $aCecil$b Thomas$ffl. 1630, 801 0$bCu-RivES 801 1$bCu-RivES 801 2$bCStRLIN 801 2$bWaOLN 906 $aBOOK 912 $a996390599403316 996 $aSylua syluarum: or A naturall historie$92318333 997 $aUNISA LEADER 01505nam0 22003371i 450 001 UON00258920 005 20231205103704.30 010 $a90-04-12170-6 100 $a20041122d2001 |0itac50 ba 101 $aeng 102 $aNL 105 $a|||| 1|||| 200 1 $a'Al Kanfei Yonah$eCollected studies of Jonas C. Greenfield on Semitic philology$fEdited by Shalom M. Paul, Michael E. Stone and Avital Pinnick 210 $aLeiden$cBrill ; Jerusalem$cThe Hebrew University Magnes Press$d2001 215 $a2 v.$d[XXI], 1001 p.$d24 cm 606 $aFilologia aramaica$3UONC002516$2FI 606 $aFILOLOGIA SEMITICA$3UONC002429$2FI 620 $aNL$dLeiden$3UONL003056 620 $aIL$dY?r?sh?layim$3UONL004472 686 $aSEB III$cSTUDI EBRAICI - FILOLOGIA$2A 702 1$aPAUL$bShalom M.$3UONV152251 702 1$aPINNICK$bAvital$3UONV152252 702 1$aSTONE$bMichael E.$3UONV025031 712 $aBrill$3UONV245886$4650 712 $aHebrew University Press$3UONV252845$4650 801 $aIT$bSOL$c20260116$gRICA 912 $aUON00258920 950 $aSIBA - SISTEMA BIBLIOTECARIO DI ATENEO E ARCHIVIO STORICO$dSI SEB III 090 (1) N $eSI SA 112560 5 090 (1) N 950 $aSIBA - SISTEMA BIBLIOTECARIO DI ATENEO E ARCHIVIO STORICO$dSI SEB III 090 (2) N $eSI SA 112561 5 090 (2) N 996 $aAl Kanfei Yonah$91237915 997 $aUNIOR